| 000 | 00704nam a22001937a 4500 | ||
|---|---|---|---|
| 005 | 20260313111430.0 | ||
| 008 | 260313b |||||||| |||| 00| 0 eng d | ||
| 020 | _a9788173717208 | ||
| 040 | _cVITAP | ||
| 082 |
_223 _a551.4 KAL |
||
| 100 |
_aKale, Vishwas S. _917226 |
||
| 245 |
_aIntroduction to Geomorphology _c/ Vishwas S. Kale |
||
| 260 |
_aHyderabad _bUniversities Press ( India ) Pvt. Ltd. _c2010 |
||
| 300 | _aiv, 274p, ill.: 24cm | ||
| 500 | _aIt include index pages | ||
| 650 | 0 |
_aGeomorphology, Structure of the Earth, Geomorphic Processes, Rivers and Fluvial Landforms, Glacial Geomorphology, Desert and Aeolian Landforms etc. _917227 |
|
| 700 |
_aGupta, Avijit _917228 |
||
| 942 |
_2ddc _cBK |
||
| 999 |
_c47339 _d47339 |
||